000 00735nam a2200229 i 4500
001 bg
100 1 _aFLOREK, Ludwik
245 1 0 _aEuropejskie prawo pracy /
_cLudwik Florek.
260 _aWarszawa :
_bWydaw. Prawnicze "LexisNexis",
_c2003.
300 _a246 s. ;
_c24 cm.
504 _aBibliogr. Indeks.
650 9 _aPrawo pracy
_xprawo wspólnotowe europejskie
_ystan na 2003 r.
655 _aPodręczniki akademickie
020 _a837334179X
040 _cBPK
041 0 _apol
080 _a349.2(4-67)(075.8)
920 _a83-7334-179-X
942 _cKS
008 s pl f |000 0 pol
999 _c44695
_d44695
856 _uhttp://koha.tu.koszalin.pl/cgi-bin/koha/opac-detail.pl?biblionumber=44695
_yKatalog online BPK